000 00253nam a22001217a 4500
008 170314b xxu||||| |||| 00| 0 eng d
041 _aeng
080 _a611
100 _a7
101 _aSHM
245 _aBOO; OF THE BODY
_cSCHUSTER.S
942 _2udc
_cBK
999 _c7747
_d7747